000 00617nam a2200229Ia 4500
003 OSt
005 20220928114538.0
006 a|||||r|||| 00| 0
007 ta
008 220927b |||||||| |||| 00| 0 eng d
024 _a26616
037 _cTextual
040 _aSDCL
_cSDCL
_beng
041 _2eng
_aeng
082 _aV2y7M61, G1
100 _aGhosh Devaprasad
_9439674
245 0 _aPandit Motilal Nehru
_b His life and work.
260 _aDelhi
_bB R Publishing
_c1931
300 _ax,181p
_ccm.
942 _hV2y7M61, G1
_cTEXL
_2CC
999 _c755365
_d755365